UBT Library

The cost of competence : (Record no. 43679)

000 -LEADER
fixed length control field 00793cam a2200229 a 4500
001 - CONTROL NUMBER
control field 1126846
005 - DATE AND TIME OF LATEST TRANSACTION
control field 20180228034535.0
008 - FIXED-LENGTH DATA ELEMENTS--GENERAL INFORMATION
fixed length control field 941109s1995 nyua b 001 0 eng
010 ## - LIBRARY OF CONGRESS CONTROL NUMBER
LC control number 94044235
020 ## - INTERNATIONAL STANDARD BOOK NUMBER
International Standard Book Number 0195069862 (acidfree paper)
040 ## - CATALOGING SOURCE
Original cataloging agency DLC
Transcribing agency DLC
Modifying agency DLC
041 ## - LANGUAGE CODE
Language code of text/sound track or separate title eng
080 ## - UNIVERSAL DECIMAL CLASSIFICATION NUMBER
Universal Decimal Classification number 155.633
082 00 - DEWEY DECIMAL CLASSIFICATION NUMBER
Classification number 155.633 SIL
Edition number 20
100 1# - Rafti
Rafti 49
101 ## - Shkurtesa
Shkurtesa PSI
245 14 - TITLE STATEMENT
Title The cost of competence :
Statement of responsibility, etc Brett Silverstein, Deborah Perlick.
504 ## - BIBLIOGRAPHY, ETC. NOTE
Bibliography, etc Includes bibliographical references (p. 177-209) and index.
906 ## - LOCAL DATA ELEMENT F, LDF (RLIN)
a 7
b cbc
c orignew
d 1
e ocip
f 19
g y-gencatlg
942 ## - ADDED ENTRY ELEMENTS (KOHA)
Source of classification or shelving scheme
Item type Books
Holdings
Withdrawn status Lost status Source of classification or shelving scheme Damaged status Not for loan Collection code Permanent location Current location Shelving location Date acquired Total Checkouts Full call number Barcode Date last seen Price effective from Koha item type
          Koleksioni i përgjithshem UBT - Lipjan UBT - Lipjan Koleksioni i lëndeve mesimore 02/28/2018   155.633 SIL 002-3000185 02/28/2018 02/28/2018 Books
UBT Library © 2015-2024. All rights reserved University Education for Business and Technology